Proyectos Participativos de Aula. Construcción colectiva de aprendizajes desde una perspectiva integradora y crítica (Record no. 8912)

MARC details
000 -LEADER
campo de control de longitud fija 00500nam a2200157Ia 4500
001 - NÚMERO DE CONTROL
campo de control 4370
008 - DATOS DE LONGITUD FIJA--INFORMACIÓN GENERAL
campo de control de longitud fija 241024s9999 xx 000 0 und d
020 ## - NÚMERO INTERNACIONAL ESTÁNDAR DEL LIBRO
Número Internacional Estándar del Libro 978-99934-24-64-2
082 ## - NÚMERO DE LA CLASIFICACIÓN DECIMAL DEWEY
Número de clasificación RD/371.07/H519p/2013
100 ## - ENTRADA PRINCIPAL--NOMBRE DE PERSONA
Nombre de persona Argentina Henríquez
245 #0 - MENCIÓN DEL TÍTULO
Título Proyectos Participativos de Aula. Construcción colectiva de aprendizajes desde una perspectiva integradora y crítica
260 ## - PUBLICACIÓN, DISTRIBUCIÓN, ETC.
Nombre del editor, distribuidor, etc. Editorial Centro Cultural Poveda
Fecha de publicación, distribución, etc. 2013
590 ## - NOTA LOCAL (RLIN)
Nota local si
901 ## - ELEMENTOS DE DATOS A LOCAL LDA (RLIN)
a 5/9/2016 10:55:01 a.m.

No items available.

© 2024. Todos los Derechos Reservados. Desarrollado por IDEICE